Na usługach Gestapo i żandarmerii
| Titel: | Na usługach Gestapo i żandarmerii : agenci, donosiciele, konfidenci, szpicle / Cezary Jan Lis |
|---|---|
| Verfasser: | |
| Veröffentlicht: | Katowice : Drukarnia Archidiecezjalna, [2017] |
| Umfang: | 414 Seiten : Illustrationen ; 24 cm |
| Format: | Buch |
| Sprache: | Polnisch |
| ISBN: | 9788375933130 ; 8375933139 |
| Hinweise zum Inhalt: |
Inhaltsverzeichnis
|
alg: 43692138 001A $03004:20-09-18 001B $01999:09-11-18 $t11:38:19.000 001C $03004:05-11-18 $t15:55:24.000 001D $03004:05-11-18 001U $0utf8 001X $00 002@ $0Aau 002C $aText $btxt $2rdacontent 002D $aohne Hilfsmittel zu benutzen $bn $2rdamedia 002E $aBand $bnc $2rdacarrier 003@ $0436921383 003O $01020477503 $aOCoLC 004A $A978-83-7593-313-0 004D $08375933139 007A $0BV045081446 $aBVB 007G $0DE020B529C389BCD29116C125833F003E5AD4 009P $qapplication/pdf $A2 $3Inhaltsverzeichnis $uhttp://scans.hebis.de/HEBCGI/show.pl?43692138_toc.pdf $mV:DE-603;B:DE-Mb50 010@ $apol 010E $erda 011@ $a2017 $n[2017] 021A $aNa usługach Gestapo i żandarmerii $dagenci, donosiciele, konfidenci, szpicle $hCezary Jan Lis 028A $BVerfasser $4aut $71145325343 $8Lis, Cezary Jan$Z1947- [Tp3] $9421525681 033A $pKatowice $nDrukarnia Archidiecezjalna 034D $a414 Seiten 034I $a24 cm 034M $aIllustrationen 044K $RKongresspolen $RWestgalizien $#Generalgouvernement Polen $#Polska $#Rzeczpospolita Polska $#Polska Rzeczpospolita Ludowa $#Poland $#Pologne $#République Polonaise $#Generalne Gubernatorstwo w Polsce $#Polish People's Republic $#Polska Rzeczpospolita Polen $#PRL $#RP $#Polen Generalgouvernement $#Polska Generalgouvernement $#Besetzte Polnische Gebiete $#Besetztes Gebiet in Polen $#Okupowane Polskie Obszary $#Obszary Okupowane w Polsce $#Volksrepublik Polen $#Polska Rosyjska $#Republic Polen $#Respublika Pol'ša $#Pol'skaja Narodnaja Respublika $#République de Pologne $#Polen Links der Weichsel $#Polska po Lewej Stronie Wisły $#Lenkija $#Polija $#Gubernija Carstva Pol'skago $#Republik Polen $74046496-9 $8Polen [Tg1] $9085129801 044K $RInformant $#Informers $#Indicateurs $#Informeller Mitarbeiter $#Inoffizieller Mitarbeiter $#Geheimer Informator $#IM $74248646-4 $8Spitzel [Ts1] $9086312375 044K $RPreußen $#Gestapo $#Deutsches Reich, Gestapo $#Geheime Staatspolizei $#Gestapo $#Berliner Politische Polizei $#Berlin, Politische Polizei $#Politische Polizei $#Deutsches Reich, Politische Polizei $72029665-4 $8Deutsches Reich$bGeheime Staatspolizei [Tb1] $9042822017 044K $#World War, 1939-1945 Collaborationists $#Collaborationists $#Guerre mondiale (1939-1945) Collaborateurs $#Collaborateurs (histoire) $#Guerra mundial, 1939-1945 Colaboracionistas $#Kollaboration $74031748-1 $8Kollaboration [Ts1] $9085084182 045F $a909 $eDDC23BSB 045F/01 $a909 045F/03 $g438 045R $aGeschichte 1939-1945 045T $aOST $qDE-12 $2FID lok: 43692138 24 exp: 43692138 24 1 #EPN 201B/01 $005-11-18 $t15:53:07.000 201C/01 $020-09-18 201U/01 $0utf8 203@/01 $01029998957 208@/01 $a05-11-18 $bz 209A/01 $a18.07850 $du $f050 $h18 07850 $x00 209C/01 $a18.07850 K $h18 07850 K 209G/01 $a73995159 $x00 220C/01 $aho-sz 247C/01 $8358050-7Marburg, Bibliothek des Herder-Instituts Marburg $9102600961 lok: 43692138 78 exp: 43692138 78 1 #EPN 201B/01 $007-06-21 $t12:44:57.000 201C/01 $007-06-21 201U/01 $0utf8 203@/01 $01157177131 208@/01 $a07-06-21 $be 209A/01 $a/ $f000 $x00 209A/01 $ab*p $x01 220C/01 $apgar 244Z/01 $#Generalgouvernement Polen $#Polska $#Rzeczpospolita Polska $#Polska Rzeczpospolita Ludowa $#Poland $#Pologne $#République Polonaise $#Generalne Gubernatorstwo w Polsce $#Polish People's Republic $#Polska Rzeczpospolita Polen $#PRL $#RP $#Polen Generalgouvernement $#Polska Generalgouvernement $#Besetzte Polnische Gebiete $#Besetztes Gebiet in Polen $#Okupowane Polskie Obszary $#Obszary Okupowane w Polsce $#Volksrepublik Polen $#Polska Rosyjska $#Republic Polen $#Respublika Pol'ša $#Pol'skaja Narodnaja Respublika $#République de Pologne $#Polen Links der Weichsel $#Polska po Lewej Stronie Wisły $#Lenkija $#Polija $#Gubernija Carstva Pol'skago $#Republik Polen $74046496-9 $8--Tg1--Polen $x01 $9085129801 247C/01 $82080>Marburg/Lahn, Herder-Institut, Forschungsbibliothek, Bibliographieportal $9336309341 lok: 43692138 204 exp: 43692138 204 1 #EPN 201B/01 $010-12-20 $t15:48:26.000 201C/01 $017-12-18 201U/01 $0utf8 203@/01 $01036884457 208@/01 $a10-12-20 $bgUB 209A/01 $a/ $dg $f000 $x00 245S/01 $a10200 $x01 247C/01 $8631000-x <26>Gießen, Universität Gießen, Universitätsbibliothek Gießen $9102596697 247E/01 $an
| LEADER | 00000cam a2200000 c 4500 | ||
|---|---|---|---|
| 001 | 436921383 | ||
| 003 | DE-603 | ||
| 005 | 20181109113819.0 | ||
| 007 | tu | ||
| 008 | 180920s2017 xx |||| | u00||u|pol c | ||
| 020 | |a 9788375933130 | ||
| 020 | |z 8375933139 | ||
| 035 | |a (DE-599)BVBBV045081446 | ||
| 035 | |a (OCoLC)1020477503 | ||
| 040 | |a DE-603 |b ger |c DE-603 |d DE-603 |e rda | ||
| 041 | |a pol | ||
| 082 | 0 | 4 | |8 1\u |a 909 |q DE-101 |2 23/BSB |
| 084 | |a OST |q DE-12 |2 fid | ||
| 085 | |8 1\u |b 909 | ||
| 085 | |8 1\u |z 2 |s 438 | ||
| 100 | 1 | |a Lis, Cezary Jan |d 1947- |e Verfasser |4 aut |0 (DE-603)421525681 |0 (DE-588)1145325343 |2 gnd | |
| 245 | 0 | 0 | |a Na usługach Gestapo i żandarmerii |b agenci, donosiciele, konfidenci, szpicle |c Cezary Jan Lis |
| 264 | 1 | |a Katowice |b Drukarnia Archidiecezjalna |c [2017] | |
| 300 | |a 414 Seiten |b Illustrationen |c 24 cm | ||
| 336 | |a Text |b txt |2 rdacontent | ||
| 337 | |a ohne Hilfsmittel zu benutzen |b n |2 rdamedia | ||
| 338 | |a Band |b nc |2 rdacarrier | ||
| 610 | 1 | 7 | |a Deutsches Reich |b Geheime Staatspolizei |2 gnd |0 (DE-588)2029665-4 |0 (DE-603)042822017 |
| 648 | 7 | |a Geschichte 1939-1945 |2 gnd | |
| 650 | 7 | |a Spitzel |0 (DE-588)4248646-4 |0 (DE-603)086312375 |2 gnd | |
| 650 | 7 | |a Kollaboration |0 (DE-588)4031748-1 |0 (DE-603)085084182 |2 gnd | |
| 651 | 7 | |a Polen |0 (DE-588)4046496-9 |0 (DE-603)085129801 |2 gnd | |
| 856 | 4 | 2 | |m V:DE-603;B:DE-Mb50 |q application/pdf |u http://scans.hebis.de/HEBCGI/show.pl?43692138_toc.pdf |3 Inhaltsverzeichnis |
| 924 | 0 | |9 Mb 50 |a (DE-603)1029998957 |b DE-Mb50 |c HES |d c |g 18.07850 | |
| 924 | 0 | |9 2080 |a (DE-603)1157177131 |b DE-2080 |c HES |d d |g / | |
| 924 | 0 | |9 26 |a (DE-603)1036884457 |b DE-26 |c HES |d d |g / | |


